000 00326nam a22001457a 4500
008 210310b ||||| |||| 00| 0 eng d
020 _a0070714274
041 _aeng
080 _22nd
_a541
082 _a541
100 _a12
101 _aKIM
245 _aIntroduction to College Chemistry
_cWolfe, D. H
942 _2udc
_cBK
999 _c56246
_d56246